Alethini Philaretae. (seud.) Epistolarum de venerabilis Johannis Palafoxii Angelopolitani primum, tum Oxomensis episcopi orthodoxia. (Record no. 151411)

MARC details
000 -LEADER
campo de control de longitud fija 00893nam a22002175i 4500
001 - NÚMERO DE CONTROL
campo de control 151411
003 - IDENTIFICADOR DE NÚMERO DE CONTROL
campo de control ES-MaACL
005 - FECHA Y HORA DE LA ÚLTIMA TRANSACCIÓN
campo de control 20241212161054.0
008 - DATOS DE LONGITUD FIJA--INFORMACIÓN GENERAL
campo de control de longitud fija 951120s1773 sp |||| | lat d
040 ## - FUENTE DE CATALOGACIÓN
Centro catalogador/agencia de origen CAM
Lengua de catalogación spa
Centro/agencia transcriptor CAM
100 1# - ENTRADA PRINCIPAL--NOMBRE DE PERSONA
Nombre de persona Mamachi, Tommaso Maria.
9 (RLIN) 153774
245 10 - MENCIÓN DEL TÍTULO
Título Alethini Philaretae. (seud.) Epistolarum de venerabilis Johannis Palafoxii Angelopolitani primum, tum Oxomensis episcopi orthodoxia.
Número de parte o sección de la obra tomus secundus.
260 ## - PUBLICACIÓN, DISTRIBUCIÓN, ETC.
Lugar de publicación, distribución, etc. Mantuae Carpetanorum :
Nombre del editor, distribuidor, etc. [s.i.],
Fecha de publicación, distribución, etc. 1773.
300 ## - DESCRIPCIÓN FÍSICA
Extensión 496 p. ;
Dimensiones 4º.
594 #1 - Nota al título y mención de responsabilidad
Nota al título y mención de responsabilidad Palau, 209852 incluye esta obra entre los impresos anónimos referentes a Juan de Palafox.
594 ## - Nota al título y mención de responsabilidad
Nota al título y mención de responsabilidad Encabez. tomado de Catal. British Museum.
597 #1 - NOTA DE DESCRIPCIÓN FÍSICA
NOTA DE DESCRIPCIÓN FÍSICA Sign.: A-3,Q4, 3R1s.
600 14 - PUNTO DE ACCESO ADICIONAL DE MATERIA--NOMBRE DE PERSONA
Nombre de persona Palafox y Mendoza, Juan de,
Fechas asociadas al nombre 1600-1659
9 (RLIN) 239354
852 ## - LOCALIZACIÓN
Ubicación ES-MaACL
Número de control de estantería R-1358
Nota libre -- Enc. hol.
Encuadernación Olim: G-13162
Holdings
Estatus retirado Estado de pérdida Estado de daño No para préstamo Colección Biblioteca de origen Biblioteca actual Ubicación en estantería Fecha de adquisición Fuente de adquisición Total de préstamos Signatura topográfica completa Código de barras Visto por última vez Precio de reemplazo Tipo de ítem Koha
        Libros del s. XVIII Biblioteca del Ateneo de Madrid Biblioteca del Ateneo de Madrid Depósito 17/01/2008     R-1358 1157976 23/02/2023 23/02/2023 Libro impreso antiguo